[Event "Hamburg-chT Landesliga 2122"]
[Site "Hamburg"]
[Date "2022.05.08"]
[Round "9.6"]
[White "Kort, Felix"]
[Black "Koenig, Friedrich Theodor"]
[Result "0-1"]
[WhiteElo "1862"]
[BlackElo "1891"]
[PlyCount "73"]
[EventDate "2021.10.31"]
[EventType "team-tourn"]
[EventRounds "9"]
[EventCountry "GER"]
[SourceTitle "EXT 2023"]
[Source "ChessBase"]
[SourceDate "2022.10.05"]
[SourceVersion "1"]
[SourceVersionDate "2022.10.05"]
[SourceQuality "1"]
[WhiteTeam "Hamburger SK VI"]
[BlackTeam "Marmstorf"]
[WhiteTeamCountry "GER"]
[BlackTeamCountry "GER"]

1. d4 d5 2. c4 c6 3. Nf3 Nf6 4. Nc3 e6 5. e3 Nbd7 6. Qc2 Bd6 7. Bd3 dxc4 8. Bxc4 b5 9. Bd3 Bb7 10. 0-0 0-0 11. e4 e5 12. dxe5 Nxe5 13. Nxe5 Bxe5 14. Bg5 h6 15. Bh4 Qb8 16. Bg3 a6 17. Ne2 Rd8 18. f4 Bxb2 19. Rad1 Ba3 20. Qc3 Be7 21. Nd4 Rxd4 22. Qxd4 c5 23. Qe3 c4 24. Bc2 Qc8 25. Qe2 Ng4 26. Rf3 Bc5+ 27. Kh1 Qc6 28. Bh4 Qb6 29. h3 Ne3 30. Rd7 Nxc2 31. Qxc2 Re8 32. Rg3 Bxe4 33. Qc3 Bf8 34. Bf6 g6 35. h4 Qc6 36. Rd1 b4 37. Qa1 0-1

[Event "GER-chT U14"]
[Site "Willingen"]
[Date "2021.06.26"]
[Round "5.2"]
[White "Kort, Felix"]
[Black "Hoffmann, Alexander4444"]
[Result "1-0"]
[WhiteElo "1850"]
[BlackElo "1554"]
[PlyCount "61"]
[EventDate "2021.06.23"]
[EventType "team-swiss"]
[EventRounds "7"]
[EventCountry "GER"]
[SourceTitle "EXT 2022"]
[Source "ChessBase"]
[SourceDate "2021.10.06"]
[SourceVersion "1"]
[SourceVersionDate "2021.10.06"]
[SourceQuality "1"]
[WhiteTeam "Hamburger SK"]
[BlackTeam "Karlsruhe SF"]
[WhiteTeamCountry "GER"]
[BlackTeamCountry "GER"]

1. d4 d5 2. c4 e6 3. Nc3 Nf6 4. cxd5 exd5 5. Bg5 Be7 6. e3 0-0 7. Bd3 Nbd7 8. Nf3 c6 9. 0-0 Re8 10. Qc2 h6 11. Bf4 Bb4 12. a3 Bxc3 13. bxc3 Ne4 14. c4 f5 15. Ne5 g5 16. Bxe4 dxe4 17. Nxd7 Qxd7 18. Be5 b6 19. Qb3 Kh7 20. a4 c5 21. Rfd1 Qe6 22. a5 Ba6 23. Rac1 b5 24. d5 Qxe5 25. cxb5 Rab8 26. Rxc5 Qe7 27. d6 Qe6 28. Rc7+ Kh8 29. Qxe6 Rxe6 30. d7 Rg6 31. d8Q+ 1-0

[Event "GER-chT Christmas U16 Lasker"]
[Site "Playchess.com INT"]
[Date "2020.12.28"]
[Round "7.2"]
[White "Glowiak, Alexandra"]
[Black "Kort, Felix"]
[Result "1-0"]
[WhiteElo "1413"]
[BlackElo "1850"]
[PlyCount "53"]
[EventDate "2020.12.28"]
[EventType "team-swiss (blitz)"]
[EventRounds "7"]
[EventCountry "GER"]
[SourceTitle "CBM 200 Extra"]
[Source "ChessBase"]
[SourceDate "2021.03.31"]
[SourceVersion "1"]
[SourceVersionDate "2021.03.31"]
[SourceQuality "1"]
[WhiteTeam "Bischofswerda"]
[BlackTeam "Hamburger SK II"]
[WhiteTeamCountry "GER"]
[BlackTeamCountry "GER"]

1. e4 e5 2. Nf3 Nc6 3. Bc4 Bc5 4. c3 Nf6 5. d4 exd4 6. cxd4 Bb4+ 7. Bd2 Nxe4 8. Bxb4 Nxb4 9. Qb3 d5 10. Bb5+ Nc6 11. Ne5 0-0 12. Nxc6 bxc6 13. Bxc6 Qf6 14. Bxa8 Qxf2+ 15. Kd1 Qxd4+ 16. Kc1 Nf2 17. Rf1 Nd3+ 18. Kc2 Nb4+ 19. Kc1 Nd3+ 20. Kc2 Bd7 21. Qxd3 Ba4+ 22. b3 Qxa1 23. Nc3 Bxb3+ 24. axb3 Qa5 25. Bxd5 c6 26. Bxc6 Rc8 27. Ba4 1-0